|
|
|
|
| LEADER |
00000naa0a2200000 4500 |
| 001 |
592479 |
| 005 |
20250828165130.0 |
| 035 |
|
|
|a (RuTPU)RU\TPU\tpu\4606
|
| 090 |
|
|
|a 592479
|
| 100 |
|
|
|a 20011210d1964 k||y0rusy50 ca
|
| 101 |
0 |
|
|a rus
|
| 102 |
|
|
|a RU
|
| 200 |
1 |
|
|a Обнаружение повреждений ротора асинхронного короткозамкнутого двигателя
|f А. И. Зайцев, М. П. Табинский, Л. А. Цирина
|
| 463 |
|
1 |
|t Тезисы докладов второй научно-технической конференции по вопросам автоматизации производства (9-12 мая 1963 г.)
|v С. 23-24
|d 1964
|
| 610 |
1 |
|
|a электрические машины
|
| 610 |
1 |
|
|a труды учёных ТПУ
|
| 610 |
1 |
|
|a электропривод
|
| 700 |
|
1 |
|a Зайцев
|b А. И.
|
| 701 |
|
1 |
|a Табинский
|b М. П.
|
| 701 |
|
1 |
|a Цирина
|b Л. А.
|
| 801 |
|
0 |
|a RU
|b 63413507
|c 20011210
|g PSBO
|
| 801 |
|
2 |
|a RU
|b 63413507
|c 20071224
|g PSBO
|
| 942 |
|
|
|c BK
|